00438 2200169 4500001002100000008004100021035002000062245005900082100002000141250000600161260004200167300001200209084001400221082000800235650001300243990001200256INLIS000000000000725 ind  a0010-0424000701 aBank Soal Super Lengkap OSN Fisika SMAcDavit Sipayung aSipayung, Davit a1 aJakarta :bBina Prestasi Insanic2019 a306 hlm a530 DAV f a530 aNonfiksi a0739660